Nezamestnanosť a jej vývoj v období globálnej krízy v SR diplomová práca

Salvato in:
Dettagli Bibliografici
Autore principale: Piskayová, Ivana
Ente Autore: Podnikovohospodárska fakulta EU so sídlom v Košiciach. Katedra ekonómie
Altri autori: Bačová, Monika
Natura: Libro
Lingua:slovacco
Pubblicazione: Košice 2015
Tags: Aggiungi Tag
Nessun Tag, puoi essere il primo ad aggiungerne!!

MARC

LEADER 00000nbm a2200000 4500
001 0202101
005 20240827092659.7
041 0 |a slo 
044 |a SK 
245 1 0 |a Nezamestnanosť a jej vývoj v období globálnej krízy v SR  |b diplomová práca  |c Ivana Piskayová ; školiteľ: Monika Bačová 
264 1 |a Košice  |c 2015 
300 |a 74 s. 
100 1 |a Piskayová, Ivana 
700 1 |a Bačová, Monika 
710 2 |a Podnikovohospodárska fakulta EU so sídlom v Košiciach. Katedra ekonómie